000 01317nam a22003858i 4500
001 018980047
003 EG-ScBUE
005 20260216104911.0
008 180626s2018 ua f 001 0deng d
020 _a9789774168857
040 _aStDuBDS
_beng
_erda
_cStDuBDS
_dEG-ScBUE
041 1 _aeng
_hara
043 _af-ua---
082 0 4 _a962.054092
_222
_bGHI
100 1 _aGheit, Ahmed Aboul,
_eauthor.
245 1 0 _aWitness to war and peace :
_bEgypt, the October War, and beyond /
_cAhmed Aboul Gheit ; translated by Sarah Enany.
264 1 _aCairo :
_bThe American University in Cairo Press,
_c2018.
300 _axviii, 373 pages ;
_c22 cm
336 _atext
_2rdacontent
_btxt
337 _aunmediated
_2rdamedia
_bn
338 _avolume
_2rdacarrier
_bnc
500 _aIncludes index.
546 _atranslated from the Arabic.
600 1 7 _aGheit, Ahmed Aboul.
_2BUEsh
650 7 _aIsrael-Arab War, 1973.
_2BUEsh
651 7 _aEgypt
_xHistory
_y1952-1970.
_2BUEsh
651 7 _aEgypt
_xHistory
_y1970-1981.
_2BUEsh
651 7 _aEgypt
_xPolitics and government
_y1952-1970.
_2BUEsh
651 7 _aEgypt
_xPolitics and government
_y1970-1981.
_2BUEsh
653 _cFebruary2026
_bGGEN
655 _vReading book
700 1 _aEnany, Sarah,
_etranslator.
942 _2ddc
_cBB
999 _c31140
_d31111